| 000 | 00430nam a2200193Ia 4500 | ||
|---|---|---|---|
| 003 | OSt | ||
| 005 | 20230608094534.0 | ||
| 008 | 210423s1992 xx 000 0 und d | ||
| 040 | _cAL | ||
| 041 | _aeng | ||
| 082 |
_a301 _223 _bBHAS |
||
| 100 |
_aBHAT (T K V). _9122121 |
||
| 245 | _aSamaja shodhana. | ||
| 260 |
_aMangalore _bMSA _c1992 |
||
| 365 | _cINR | ||
| 440 | _v1 | ||
| 906 | _aSamaja ; shodhana. | ||
| 942 |
_2ddc _cBK |
||
| 999 |
_c175166 _d175166 |
||